History Quiz

Random History or Decade Quiz

Same Decade Quiz Stats

 Plays Quiz Updated Jan 10, 2017

Support Sporcle.
Go Orange.
Score 0/60 Timer 11:00
1 Play Today
EVENT YEAR % Correct
September 11th attacks▸2000s◂
89.5%
SARS epidemic▸2000s◂
89.5%
Saddam Hussein execution▸2000s◂
89.5%
Hurricane Katrina disaster▸2000s◂
89.5%
O.J. Simpson murder trial▸1990s◂
77.9%
Soviet Union collapses▸1990s◂
77.9%
Oklahoma City bombing▸1990s◂
77.9%
Mandela freed▸1990s◂
77.9%
MLK Jr. assassination▸1960s◂
76.7%
Woodstock music festival▸1960s◂
76.7%
Apollo 11 lands on moon▸1960s◂
76.7%
Cuban Missile Crisis▸1960s◂
76.7%
Falklands invaded▸1980s◂
71.5%
Chernobyl disaster▸1980s◂
71.5%
Exxon Valdez oil spill▸1980s◂
71.5%
Challenger disaster▸1980s◂
71.5%
Saigon falls▸1970s◂
67.1%
Nixon resigns▸1970s◂
67.1%
Jonestown massacre▸1970s◂
67.1%
Munich Olympic massacre▸1970s◂
67.1%
Mohandas Gandhi assassination▸1940s◂
48%
Dead Sea Scrolls found▸1940s◂
48%
Berlin Airlift▸1940s◂
48%
Pearl Harbor attacked▸1940s◂
48%
Polio vaccine produced▸1950s◂
46.9%
DNA shape discovered▸1950s◂
46.7%
Korean War▸1950s◂
46.7%
Sputnik launched▸1950s◂
46.7%
Machu Picchu discovered▸1910s◂
42.2%
Spanish flu outbreak▸1910s◂
42.2%
EVENT YEAR % Correct
Czar Nicholas II killed▸1910s◂
42.2%
Lusitania sunk▸1910s◂
42.2%
Pluto discovered▸1930s◂
33.7%
Hindenburg disaster▸1930s◂
33.7%
Amelia Earhart disappears▸1930s◂
33.7%
Hoover Dam completed▸1930s◂
33.7%
Wright brothers flight▸1900s◂
27.5%
Russo-Japanese War▸1900s◂
27.5%
Peary reaches North Pole▸1900s◂
27.5%
McKinley assassination▸1900s◂
27.5%
King Tut's tomb discovered▸1920s◂
25.3%
Teapot Dome scandal▸1920s◂
25.3%
Lindbergh crosses Atlantic▸1920s◂
25.3%
Penicillin discovered▸1920s◂
25.3%
Suez Canal Opens▸1860s◂
15.3%
War and Peace published▸1860s◂
15.3%
American Civil War▸1860s◂
15.3%
Dynamite patented▸1860s◂
15.3%
Klondike Gold Rush begins▸1890s◂
14.9%
First Modern Olympics▸1890s◂
14.9%
USS Maine explodes▸1890s◂
14.9%
Lizzie Borden acquitted▸1890s◂
14.9%
Gunfight at O.K. Corral▸1880s◂
13.9%
'Jack the Ripper' murders▸1880s◂
13.9%
Statue of Liberty unveiled▸1880s◂
13.9%
Krakatoa eruption▸1880s◂
13.9%
Great Chicago Fire▸1870s◂
13.7%
Phonograph patented▸1870s◂
13.7%
Stanley meets Livingstone▸1870s◂
13.7%
Franco-Prussian War▸1870s◂
13.7%

From the Vault

Countries of Europe: First & Last Letter

by manonthemoon

This is a quiz where Sporclitis can easily strike.
Remove Ads.
Support Sporcle.
Get the best of Sporcle when you Go Orange. This ad-free experience offers more features, more stats, and more fun while also helping to support Sporcle. Thank you for becoming a member.

Show Comments

Extras

Top Quizzes Today


Score Distribution

Your Account Isn't Verified!

In order to create a playlist on Sporcle, you need to verify the email address you used during registration. Go to your Sporcle Settings to finish the process.

Report this User

Report this user for behavior that violates our Community Guidelines.

Details: